|
|
|
|
| LEADER |
00000nab a2200000 a 4500 |
| 001 |
vtls000691814 |
| 003 |
SK-MaSNL |
| 005 |
20260304220215.0 |
| 008 |
180205c1999 xo 0 slo |
| 015 |
|
|
|a SNBRB1999/06-14609
|
| 035 |
|
|
|a CLN000043981
|
| 040 |
|
|
|a SNKBUCL
|b slo
|c SNKBUCL
|e AACR2
|
| 041 |
0 |
|
|a slo
|
| 044 |
|
|
|a xo
|c SK
|
| 080 |
|
|
|a 796.332.071
|2 UDC-MRF-SK2
|
| 100 |
1 |
|
|a Bindasová, Dana
|4 uin
|9 838409
|
| 245 |
1 |
0 |
|a S vedomím, že to má význam
|b slovenský legionár Ľubomír Moravčík po prvej sezóne v škótskom Celtiku Glasgow
|c [zhovárala sa] Dana Bindasová
|
| 300 |
|
|
|b Fotogr.
|
| 600 |
1 |
7 |
|a Moravčík, Ľubomír,
|d 1965-
|2 snkbucl
|9 234799
|
| 655 |
|
7 |
|a články z novín a časopisov
|2 snkbucl
|9 267496
|
| 700 |
1 |
|
|a Moravčík, Ľubomír,
|d 1965-
|4 aut
|4 uin
|9 234799
|
| 773 |
0 |
|
|t Šport
|g Roč. 53, č. 141 (21.6.1999), s. 8
|
| 850 |
|
|
|a Slovenská národná knižnica v Martine
|
| 852 |
|
|
|a SNK
|b KIS3GCP
|
| 958 |
|
|
|a RBX
|
| 999 |
|
|
|c 3150713
|d 3152643
|